Easy Geography True or False #3 - Statistics

General Stats
  • This quiz has been taken 28,901 times
  • The average score is 13 of 15
Answer Stats
Question Answer % Correct
The flag of France is blue, white, and red True
99%
Thailand is in Africa False
98%
Barcelona is in Spain True
98%
The official language of Brazil is Brazilian False
97%
Wales is part of the United Kingdom True
97%
India borders Pakistan True
96%
China is in the Western Hemisphere False
93%
Alaska does NOT border any of the other 49 U.S. states True
93%
The Ural Mountains run through Russia True
88%
Mexico City is on the coast False
86%
Tasmania lies to the north of the Australian mainland False
85%
South Africa has the highest mountain in Africa False
85%
Istanbul is the capital of Turkey False
79%
California is the most populous state in the U.S. True
77%
By boat, you can travel from the South Island of New Zealand to Antarctica in about 2.5 hours False
51%
No matching quizzes found
Score Distribution
Percent of People with Each Score
Percentile by Number Answered
Your Score History
You have not taken this quiz